Pathrosinte Padivathil (Record no. 22844)

MARC details
000 -LEADER
fixed length control field 00421nam a2200145Ia 4500
008 - FIXED-LENGTH DATA ELEMENTS--GENERAL INFORMATION
fixed length control field 211109s9999||||xx |||||||||||||| ||und||
082 ## - DEWEY DECIMAL CLASSIFICATION NUMBER
Classification number 230
Item number SEB-P
100 ## - MAIN ENTRY--PERSONAL NAME
Personal name Sebastian, Rev M
245 #0 - TITLE STATEMENT
Title Pathrosinte Padivathil
260 ## - PUBLICATION, DISTRIBUTION, ETC.
Name of publisher, distributor, etc. S h LEAGUE, ALWAYE NORTH P.O KERALA
Place of publication, distribution, etc. INDIA
Date of publication, distribution, etc. 1957
300 ## - PHYSICAL DESCRIPTION
Extent 153p.
630 ## - SUBJECT ADDED ENTRY--UNIFORM TITLE
General subdivision General Stack
650 ## - SUBJECT ADDED ENTRY--TOPICAL TERM
Topical term or geographic name entry element Christianity & Christian theology
942 ## - ADDED ENTRY ELEMENTS (KOHA)
Koha item type BOOK
650 ## - SUBJECT ADDED ENTRY--TOPICAL TERM
Form subdivision Christianity
General subdivision Generalia
Holdings
Withdrawn status Lost status Damaged status Not for loan Home library Current library Date acquired Cost, normal purchase price Total Checkouts Full call number Barcode Shelving location Date last seen Price effective from Koha item type
        SB LIBRARY SB LIBRARY 09/11/2021 100.00   230 SEB-P 00023590 GENERAL STACK 09/11/2021 09/11/2021 BOOK

Powered by Koha